| 000 | 00992cam a2200301 4500 | ||
|---|---|---|---|
| 001 | 29701 | ||
| 003 | BD-RjUL | ||
| 005 | 20211209051440.0 | ||
| 008 | 140406s1974 enk b 001 0 eng | ||
| 020 | _a0521204208 | ||
| 020 | _a0521098491 (pbk.) | ||
| 035 | _a(BD-RjUL)29786 | ||
| 040 |
_aDLC _cDLC _dBD-RjUL _beng |
||
| 041 | _aeng | ||
| 082 | 0 | 0 |
_a193 _bBEK 1974 |
| 100 | 1 |
_aBennett, Jonathan, _d1930- _94037 |
|
| 245 | 1 | 0 |
_aKant's Dialectic / _cby Jonathan Bennett. |
| 260 |
_aLondon : _bCambridge University Press, _cc1974. |
||
| 300 |
_axi, 291 p. ; _c23 cm. |
||
| 504 | _aIncludes bibliographical references and index. | ||
| 600 | 1 | 0 |
_aKant, Immanuel, _d1724-1804. _990455 |
| 650 | 0 |
_aDialectic. _917408 |
|
| 856 | 4 | 2 |
_3Publisher description _uhttp://www.loc.gov/catdir/enhancements/fy1202/73089762-d.html |
| 856 | 4 | 1 |
_3Table of contents only _uhttp://www.loc.gov/catdir/enhancements/fy1202/73089762-t.html |
| 942 |
_2ddc _cBK |
||
| 999 |
_c29701 _d29701 |
||